000
00387nam a2200133Ia 4500
008
191206s9999 xx 000 0 und d
020
_a
0960087621 :
090
_a
BX890.T353
245
0
_a
collected works of St. Teresa of Avila
260
_a
Institute of Carmelite Studies
260
_c
c1976-
300
_a
v. ; 22 cm.
999
_c
15700
_d
15700